[Event "4. Moscu Open 2008"]
[Site "Moscu RUS"]
[Date "2008.02.07"]
[Round "6.113"]
[White "Moskalenko, Alexander"]
[Black "Mikheev, Stanislav"]
[Result "1-0"]
[WhiteElo "2402"]
[BlackElo "2312"]
[PlyCount "109"]
[EventDate "2008.02.02"]
[EventType "swiss"]
[EventRounds "9"]
[EventCountry "RUS"]
[Source "lmi"]
[SourceDate "2008.02.02"]

1. Nf3 Nf6 2. c4 e6 3. g3 d5 4. b3 Be7 5. Bb2 O-O 6. Bg2 c5 7. O-O Nc6 8. e3
Qa5 9. a3 Rd8 10. Qc2 Bd7 11. d3 Be8 12. Nc3 Rac8 13. Ne2 a6 14. Bc3 Qc7 15.
Qb2 b5 16. cxd5 exd5 17. Nf4 Qb6 18. Rfe1 a5 19. e4 dxe4 20. dxe4 b4 21. axb4
cxb4 22. Bxf6 Bxf6 23. e5 Be7 24. Nd2 Bc5 25. Nc4 Qa7 26. Nd6 Bxd6 27. exd6
Rxd6 28. Rac1 Bd7 29. Bd5 Rd8 30. Rc4 g6 31. Rce4 Qc5 32. Rc4 Qb5 33. Qc1 Rxd5
34. Nxd5 Qxd5 35. Rd1 Qf3 36. Rxc6 Bxc6 37. Rxd8+ Kg7 38. Qb2+ f6 39. Kf1 Bb5+
40. Ke1 Qe4+ 41. Kd2 a4 42. bxa4 Qe2+ 43. Kc1 Qe7 44. Rd4 Qc5+ 45. Kd2 Bxa4 46.
Qxb4 Qc2+ 47. Ke3 Qc1+ 48. Ke2 Qc2+ 49. Kf1 Qc1+ 50. Ke2 Qc2+ 51. Rd2 Qc6 52.
Qe7+ Kh6 53. f3 g5 54. Kf2 Bb5 55. g4 1-0

[Event "4. Moscu Open 2008"]
[Site "Moscu RUS"]
[Date "2008.02.07"]
[Round "6.114"]
[White "Ozolin, Maxim"]
[Black "Reutsky, Sergei"]
[Result "1-0"]
[WhiteElo "2387"]
[BlackElo "2311"]
[PlyCount "59"]
[EventDate "2008.02.02"]
[EventType "swiss"]
[EventRounds "9"]
[EventCountry "RUS"]
[Source "lmi"]
[SourceDate "2008.02.02"]

1. e4 c5 2. Nf3 e6 3. d4 cxd4 4. Nxd4 Nc6 5. Nc3 Qc7 6. g3 a6 7. Bg2 Nf6 8. O-O
Be7 9. Re1 O-O 10. Nxc6 bxc6 11. e5 Nd5 12. Na4 f6 13. c4 Nb6 14. Bf4 fxe5 15.
Bxe5 d6 16. Bxg7 Kxg7 17. Qd4+ Bf6 18. Qxb6 Ra7 19. Rad1 c5 20. Rxd6 Qxb6 21.
Nxb6 Bd4 22. Re2 Raf7 23. Nxc8 Rxc8 24. Rdxe6 Rcf8 25. Re7 Bxf2+ 26. Kh1 Bd4
27. Rxf7+ Rxf7 28. Bd5 Rf2 29. Rxf2 Bxf2 30. Kg2 1-0

[Event "4. Moscu Open 2008"]
[Site "Moscu RUS"]
[Date "2008.02.07"]
[Round "6.115"]
[White "Vakhlamov, Igor L"]
[Black "Kalashnikov, Konstantin"]
[Result "0-1"]
[WhiteElo "2068"]
[BlackElo "2381"]
[PlyCount "58"]
[EventDate "2008.02.02"]
[EventType "swiss"]
[EventRounds "9"]
[EventCountry "RUS"]
[Source "lmi"]
[SourceDate "2008.02.02"]

1. e4 c5 2. Nf3 g6 3. d4 cxd4 4. Qxd4 Nf6 5. e5 Nc6 6. Qa4 Nd5 7. Qe4 Ndb4 8.
Bc4 d5 9. exd6 Bf5 10. Ne5 Qxd6 11. Bxf7+ Kd8 12. Nxc6+ bxc6 13. Qc4 Nxc2+ 14.
Ke2 Nd4+ 15. Ke1 e6 16. Be3 Qb4+ 17. Nd2 Nc2+ 18. Ke2 Nxe3 19. fxe3 Qxc4+ 20.
Nxc4 Ke7 21. Rhf1 Bg7 22. h3 Rad8 23. Rad1 Be4 24. Rf2 Rhf8 25. b3 Bc3 26. g4
Bd5 27. Nd2 c5 28. Nf1 Ba5 29. h4 Rxf7 0-1

[Event "4. Moscu Open 2008"]
[Site "Moscu RUS"]
[Date "2008.02.07"]
[Round "6.116"]
[White "Filipenko, Alexander V"]
[Black "Musaev, Mansur"]
[Result "1-0"]
[WhiteElo "2373"]
[BlackElo "2303"]
[PlyCount "73"]
[EventDate "2008.02.02"]
[EventType "swiss"]
[EventRounds "9"]
[EventCountry "RUS"]
[Source "lmi"]
[SourceDate "2008.02.02"]

1. e4 c5 2. Ne2 d6 3. g3 g6 4. Bg2 Bg7 5. c3 Nc6 6. d4 Nf6 7. dxc5 dxc5 8.
Qxd8+ Nxd8 9. Be3 Nd7 10. f4 b6 11. a4 Bb7 12. Nd2 O-O 13. O-O Ne6 14. e5 Bxg2
15. Kxg2 f6 16. exf6 Nxf6 17. Nc4 Rfd8 18. Rfd1 Ne4 19. Bg1 Kf7 20. Kf3 Nd6 21.
Ne3 a6 22. g4 b5 23. h4 b4 24. Bh2 Nf8 25. Rd5 Rac8 26. Rad1 Nd7 27. a5 bxc3
28. bxc3 Nf6 29. R5d2 Nfe4 30. Rc2 c4 31. f5 gxf5 32. gxf5 Rc5 33. Nd4 Re8 34.
Ne6 Rxa5 35. Nxg7 Kxg7 36. Rg2+ Kf7 37. Rdg1 1-0

[Event "4. Moscu Open 2008"]
[Site "Moscu RUS"]
[Date "2008.02.07"]
[Round "6.117"]
[White "Fazulyanov, Sergey"]
[Black "Yeo, Michael J"]
[Result "0-1"]
[WhiteElo "2355"]
[BlackElo "2110"]
[PlyCount "50"]
[EventDate "2008.02.02"]
[EventType "swiss"]
[EventRounds "9"]
[EventCountry "RUS"]
[Source "lmi"]
[SourceDate "2008.02.02"]

1. Nf3 Nc6 2. d4 d5 3. e3 Bg4 4. c4 e5 5. dxe5 d4 6. exd4 Bxf3 7. Qxf3 Qxd4 8.
Be2 Qxe5 9. Qe3 O-O-O 10. O-O Bd6 11. Qh3+ Kb8 12. Nc3 Nf6 13. Be3 h5 14. f4
Qe7 15. Rae1 Bc5 16. Bxc5 Qxc5+ 17. Kh1 Rhe8 18. Rc1 Nd4 19. Bf3 Nxf3 20. Qxf3
Qxc4 21. Qg3 Rd2 22. Qxg7 Ng4 23. Rfe1 Red8 24. h3 Qc6 25. Ne4 Qxc1 0-1

[Event "4. Moscu Open 2008"]
[Site "Moscu RUS"]
[Date "2008.02.07"]
[Round "6.118"]
[White "Stukopin, Andrey"]
[Black "Rozanov, Pavel B"]
[Result "0-1"]
[WhiteElo "2342"]
[BlackElo "2253"]
[PlyCount "72"]
[EventDate "2008.02.02"]
[EventType "swiss"]
[EventRounds "9"]
[EventCountry "RUS"]
[Source "lmi"]
[SourceDate "2008.02.02"]

1. e4 e6 2. d3 d5 3. Nd2 Nf6 4. g3 c5 5. Bg2 Nc6 6. Ngf3 g6 7. O-O Bg7 8. Re1
O-O 9. Qe2 a5 10. Nf1 a4 11. a3 h6 12. h4 dxe4 13. dxe4 b6 14. e5 Nd5 15. c4
Nde7 16. Bf4 Qc7 17. N1d2 Nf5 18. Rac1 Bb7 19. g4 Ncd4 20. Qf1 Nxf3+ 21. Nxf3
Nd4 22. Nxd4 cxd4 23. Bxb7 Qxb7 24. Qd3 Rfd8 25. Re4 Bf8 26. Rxd4 Rxd4 27. Qxd4
Qf3 28. Be3 Bc5 29. Qf4 Qe2 30. Bd2 Rd8 31. Bc3 Rd3 32. Kg2 Bxf2 33. Rc2 Qxc2
34. Qxf2 Qd1 35. Qxb6 Qxg4+ 36. Kf2 Qf3+ 0-1

[Event "4. Moscu Open 2008"]
[Site "Moscu RUS"]
[Date "2008.02.07"]
[Round "6.119"]
[White "Polschikov, Alexey"]
[Black "Chizhikov, Vladislav"]
[Result "1-0"]
[WhiteElo "2330"]
[BlackElo "2590"]
[PlyCount "53"]
[EventDate "2008.02.02"]
[EventType "swiss"]
[EventRounds "9"]
[EventCountry "RUS"]
[Source "lmi"]
[SourceDate "2008.02.02"]

1. e4 c5 2. Nf3 d6 3. d4 cxd4 4. Nxd4 Nf6 5. f3 a6 6. c4 e6 7. Nc3 Be7 8. Be3
O-O 9. Be2 Qc7 10. O-O Nc6 11. Rc1 b6 12. Nd5 exd5 13. cxd5 Nd7 14. Nxc6 Nc5
15. b4 Nb7 16. Qd4 b5 17. Qb6 Qd7 18. Nxe7+ Qxe7 19. Rc7 Qf6 20. Bd4 Qh6 21. f4
Qg6 22. Bf3 Rb8 23. Qa7 Bg4 24. f5 Qg5 25. Be3 Qh4 26. Rxb7 Rbe8 27. Qd4 1-0

[Event "4. Moscu Open 2008"]
[Site "Moscu RUS"]
[Date "2008.02.07"]
[Round "6.120"]
[White "Gvilava, Maya"]
[Black "Kazantcev, Valerij M"]
[Result "0-1"]
[WhiteElo "2039"]
[BlackElo "2317"]
[PlyCount "78"]
[EventDate "2008.02.02"]
[EventType "swiss"]
[EventRounds "9"]
[EventCountry "RUS"]
[Source "lmi"]
[SourceDate "2008.02.02"]

1. e4 c5 2. Nf3 e6 3. d4 cxd4 4. Nxd4 a6 5. Nc3 b5 6. a3 Bb7 7. Bd3 Bc5 8. Nb3
Be7 9. O-O Nc6 10. Be3 d6 11. f4 Nf6 12. Qf3 Qc7 13. Qh3 h5 14. Kh1 Ng4 15. Bg1
g5 16. f5 Nge5 17. fxe6 Nd8 18. exf7+ Ndxf7 19. Nd5 Bxd5 20. exd5 g4 21. Qe3 h4
22. Nd4 h3 23. Ne6 Qb7 24. Be4 Rc8 25. Qb6 hxg2+ 26. Kxg2 Rxc2+ 27. Rf2 Qxb6
28. Rxc2 Qb8 29. Rac1 Nc4 30. b3 Bg5 31. Nxg5 Nxg5 32. Bg6+ Nf7 33. bxc4 O-O
34. c5 Ne5 35. Be4 Nc4 36. c6 Qe8 37. Bd3 Qf7 38. Be4 Qf4 39. Re1 Nd2 0-1

[Event "4. Moscu Open 2008"]
[Site "Moscu RUS"]
[Date "2008.02.07"]
[Round "6.122"]
[White "Krivolapov, Vasily"]
[Black "Lebedev, Sergey"]
[Result "0-1"]
[WhiteElo "2135"]
[BlackElo "2590"]
[PlyCount "112"]
[EventDate "2008.02.02"]
[EventType "swiss"]
[EventRounds "9"]
[EventCountry "RUS"]
[Source "lmi"]
[SourceDate "2008.02.02"]

1. e4 c5 2. Nf3 e6 3. d4 cxd4 4. Nxd4 Nc6 5. Nc3 a6 6. Be3 Nf6 7. Be2 Qc7 8.
O-O Bb4 9. Nxc6 bxc6 10. Qd4 a5 11. e5 Nd5 12. Ne4 c5 13. Qd3 c4 14. Qd4 c3 15.
Nd6+ Kf8 16. Qh4 Bb7 17. Rad1 Bxd6 18. exd6 Qxd6 19. bxc3 Qc6 20. Bf3 Qxc3 21.
Bd4 Qc7 22. c4 Nb4 23. Bb6 Qc8 24. Bc5+ Kg8 25. Qe7 Bxf3 26. Rxd7 Bh5 27. Bxb4
h6 28. Bxa5 Qxc4 29. a3 Kh7 30. Rc7 Qd3 31. Rc3 Qa6 32. Bb4 Rhd8 33. Rg3 Rd5
34. Bc3 Bg6 35. Bb4 Rc8 36. h3 Qe2 37. Re1 Qb2 38. Qh4 Rc1 39. Rge3 Rc2 40. Rf3
e5 41. Qg3 e4 42. Rc3 Re2 43. Rxe2 Rd1+ 44. Kh2 Qxe2 45. Rc8 Qf1 46. Qb8 Qh1+
47. Kg3 Bf5 48. Rh8+ Kg6 49. Re8 Rg1 50. Kf4 Qh2+ 51. Ke3 Qxg2 52. Qd6+ Kh7 53.
Qf4 Bg6 54. Qg4 Qh1 55. Qc8 Qf3+ 56. Kd4 Rd1+ 0-1

[Event "4. Moscu Open 2008"]
[Site "Moscu RUS"]
[Date "2008.02.07"]
[Round "6.123"]
[White "Losev, Dmitry"]
[Black "Kurilenko, Vladimir"]
[Result "1-0"]
[WhiteElo "2344"]
[BlackElo "2129"]
[PlyCount "65"]
[EventDate "2008.02.02"]
[EventType "swiss"]
[EventRounds "9"]
[EventCountry "RUS"]
[Source "lmi"]
[SourceDate "2008.02.02"]

1. e4 e5 2. Nf3 Nc6 3. Bb5 a6 4. Ba4 Nf6 5. O-O Be7 6. Bxc6 dxc6 7. d3 Bg4 8.
Nbd2 Nd7 9. Nc4 f6 10. Ne3 Bh5 11. Nf5 O-O 12. Kh1 Nc5 13. Rg1 Ne6 14. g4 Bf7
15. Qf1 c5 16. Be3 b6 17. Qh3 Be8 18. g5 Nxg5 19. Nxg5 fxg5 20. Nxe7+ Qxe7 21.
Rxg5 Rxf2 22. Rxg7+ Kxg7 23. Bxf2 Bg6 24. Bh4 Qd6 25. Bg5 Kh8 26. Qh4 c4 27.
Be7 Qd7 28. Qf6+ Kg8 29. Rg1 Qc8 30. Qxe5 Qd7 31. Bf6 cxd3 32. cxd3 Re8 33. Qc3
1-0

[Event "4. Moscu Open 2008"]
[Site "Moscu RUS"]
[Date "2008.02.07"]
[Round "6.124"]
[White "Sychev, Klementy"]
[Black "Leontiev, Aleksandr V"]
[Result "1-0"]
[WhiteElo "2122"]
[BlackElo "2330"]
[PlyCount "55"]
[EventDate "2008.02.02"]
[EventType "swiss"]
[EventRounds "9"]
[EventCountry "RUS"]
[Source "lmi"]
[SourceDate "2008.02.02"]

1. d4 Nf6 2. c4 g6 3. Nc3 d5 4. Nf3 Bg7 5. Bf4 O-O 6. e3 c5 7. Be2 Nc6 8. O-O
Be6 9. dxc5 dxc4 10. Ng5 Bd7 11. Bxc4 Nh5 12. Nge4 Nxf4 13. exf4 Nd4 14. Qd2
Bc6 15. Rad1 Qd7 16. Qe3 Rad8 17. Ne2 Nxe2+ 18. Qxe2 Qf5 19. Rxd8 Rxd8 20. Ng5
Qxf4 21. Nxf7 Rd4 22. Qe6 Kf8 23. Ng5 Rxc4 24. Qc8+ Be8 25. Ne6+ Kf7 26. Nxf4
Rxf4 27. Qxb7 Bd4 28. c6 1-0

[Event "4. Moscu Open 2008"]
[Site "Moscu RUS"]
[Date "2008.02.07"]
[Round "6.125"]
[White "Antipov, Mikhail Al"]
[Black "Shumilina, Alexandra"]
[Result "1-0"]
[WhiteElo "2114"]
[BlackElo "2317"]
[PlyCount "49"]
[EventDate "2008.02.02"]
[EventType "swiss"]
[EventRounds "9"]
[EventCountry "RUS"]
[Source "lmi"]
[SourceDate "2008.02.02"]

1. e4 c5 2. Nf3 d6 3. d4 cxd4 4. Nxd4 Nf6 5. Nc3 a6 6. Bc4 e6 7. O-O b5 8. Bb3
Be7 9. Qf3 Qc7 10. Qg3 O-O 11. Bh6 Ne8 12. Rad1 Bd7 13. f4 Nc6 14. Nxc6 Qxc6
15. f5 Bf6 16. fxe6 fxe6 17. Nd5 Bd8 18. Rxf8+ Kxf8 19. Rf1+ Kg8 20. Qf3 Nf6
21. Bxg7 Kxg7 22. Nxf6 Bb6+ 23. Kh1 Be8 24. Nxe8+ Rxe8 25. Qf6+ 1-0

[Event "4. Moscu Open 2008"]
[Site "Moscu RUS"]
[Date "2008.02.07"]
[Round "6.127"]
[White "Mingaliev, Ildar"]
[Black "Kashlinskaya, Alina"]
[Result "1-0"]
[WhiteElo "1977"]
[BlackElo "2276"]
[PlyCount "59"]
[EventDate "2008.02.02"]
[EventType "swiss"]
[EventRounds "9"]
[EventCountry "RUS"]
[Source "lmi"]
[SourceDate "2008.02.02"]

1. c4 g6 2. d4 Nf6 3. Nc3 Bg7 4. e4 d6 5. f4 O-O 6. Nf3 c5 7. d5 e6 8. Be2 exd5
9. exd5 Re8 10. O-O Ng4 11. Qc2 Na6 12. a3 Bd4+ 13. Nxd4 cxd4 14. Nb5 Qb6 15.
Bd3 Nc5 16. b4 Nxd3 17. Qxd3 Ne3 18. Bxe3 dxe3 19. Rfe1 e2+ 20. Qd4 Qxd4+ 21.
Nxd4 a5 22. Nb5 axb4 23. Nc7 Bg4 24. Nxe8 Rxe8 25. axb4 Re4 26. Rac1 Rxf4 27.
h3 Bf5 28. Rxe2 Bd3 29. Re8+ Kg7 30. Rc8 1-0

[Event "4. Moscu Open 2008"]
[Site "Moscu RUS"]
[Date "2008.02.07"]
[Round "6.128"]
[White "Bochkov, Mikhail"]
[Black "Veliev, Gasan"]
[Result "0-1"]
[WhiteElo "2314"]
[BlackElo "2264"]
[PlyCount "106"]
[EventDate "2008.02.02"]
[EventType "swiss"]
[EventRounds "9"]
[EventCountry "RUS"]
[Source "lmi"]
[SourceDate "2008.02.02"]

1. c4 Nf6 2. Nc3 g6 3. e4 d6 4. g3 c5 5. Bg2 Nc6 6. Nge2 Bg7 7. O-O O-O 8. d3
Rb8 9. Rb1 Bg4 10. f3 Bd7 11. Be3 Qc8 12. g4 a6 13. Qd2 b5 14. h3 e6 15. Bf4
Ne5 16. b3 Qc7 17. Bg3 b4 18. Nd1 Nc6 19. f4 Rbd8 20. Kh2 a5 21. Ne3 Ne8 22.
Rbd1 Nd4 23. Nc2 Nxc2 24. Qxc2 e5 25. f5 f6 26. h4 Bh6 27. Ng1 Bc6 28. Nh3 Qe7
29. Qe2 Rf7 30. Be1 g5 31. Bd2 Rg7 32. Be3 a4 33. Rf2 Kh8 34. Rdf1 Rg8 35. Qd2
Nc7 36. Bf3 axb3 37. axb3 Ra8 38. Bd1 Ra1 39. hxg5 fxg5 40. f6 Qf7 41. Bxg5 Bf8
42. Be3 Ne6 43. Ng5 Nxg5 44. Bxg5 Bd7 45. Rg1 Rxd1 46. Rxd1 Bxg4 47. Rg2 Qh5+
48. Kg1 Qxg5 49. Qf2 Qf4 50. Qxf4 exf4 51. Ra1 Rg6 52. Ra8 Kg8 53. Ra7 Be2 0-1

[Event "4. Moscu Open 2008"]
[Site "Moscu RUS"]
[Date "2008.02.07"]
[Round "6.129"]
[White "Fomin, Vladimir"]
[Black "Mamedov, Elshad"]
[Result "0-1"]
[WhiteElo "2242"]
[BlackElo "2099"]
[PlyCount "44"]
[EventDate "2008.02.02"]
[EventType "swiss"]
[EventRounds "9"]
[EventCountry "RUS"]
[Source "lmi"]
[SourceDate "2008.02.02"]

1. d4 d6 2. Nf3 h6 3. c4 g5 4. h3 Bg7 5. Nc3 Nd7 6. e4 c6 7. Be3 Qa5 8. Bd3 Nf8
9. O-O g4 10. hxg4 Bxg4 11. Be2 Ng6 12. Qb3 Qc7 13. d5 c5 14. Qa4+ Kf8 15. Qc2
Nf6 16. Nh2 h5 17. f3 Bd7 18. f4 Ng4 19. Bd2 Bd4+ 20. Kh1 Nf2+ 21. Rxf2 Bxf2
22. Rf1 Bg3 0-1

[Event "4. Moscu Open 2008"]
[Site "Moscu RUS"]
[Date "2008.02.07"]
[Round "6.132"]
[White "Novikov, Valeri"]
[Black "Polonsky, Pavel"]
[Result "0-1"]
[WhiteElo "2143"]
[BlackElo "2101"]
[PlyCount "80"]
[EventDate "2008.02.02"]
[EventType "swiss"]
[EventRounds "9"]
[EventCountry "RUS"]
[Source "lmi"]
[SourceDate "2008.02.02"]

1. e4 c5 2. Nf3 Nc6 3. Bc4 e6 4. O-O d5 5. exd5 exd5 6. Re1+ Be7 7. Bb5 Nf6 8.
Qe2 Bg4 9. h3 Bxf3 10. Qxf3 O-O 11. Bxc6 bxc6 12. d3 Qd7 13. Nd2 Ne8 14. Nf1
Nd6 15. Ng3 g6 16. Bf4 f5 17. c4 Nf7 18. d4 cxd4 19. cxd5 c5 20. Nf1 Rfd8 21.
Qb3 Bf8 22. d6 Bxd6 23. Bxd6 Qxd6 24. Re6 Qd7 25. Rae1 Re8 26. Nd2 Rxe6 27.
Qxe6 Qxe6 28. Rxe6 Rc8 29. Nc4 Rc7 30. h4 Kf8 31. Kf1 Nd8 32. Rd6 Ke7 33. Ra6
Nc6 34. Ke2 Nb4 35. Ra3 Ke6 36. h5 Kd5 37. Nd2 Re7+ 38. Kf3 g5 39. Nf1 Re1 40.
Ng3 Ke5 0-1

[Event "4. Moscu Open 2008"]
[Site "Moscu RUS"]
[Date "2008.02.07"]
[Round "6.134"]
[White "Benza, Artem"]
[Black "Lyaskovsky, Valentin"]
[Result "1/2-1/2"]
[WhiteElo "2333"]
[BlackElo "2297"]
[PlyCount "75"]
[EventDate "2008.02.02"]
[EventType "swiss"]
[EventRounds "9"]
[EventCountry "RUS"]
[Source "lmi"]
[SourceDate "2008.02.02"]

1. e4 c5 2. Nf3 Nc6 3. d3 e5 4. g3 g6 5. Bg2 Bg7 6. O-O Nge7 7. c3 O-O 8. Be3
d6 9. Qd2 f5 10. Na3 Kh8 11. Rab1 a5 12. Nb5 a4 13. exf5 gxf5 14. Ne1 Be6 15.
Ra1 Ng6 16. f4 exf4 17. Bxf4 Nxf4 18. gxf4 Qd7 19. Nf3 Bg8 20. Rf2 Ne7 21. Na3
Bd5 22. Nc2 Nc6 23. Ne3 Bxf3 24. Rxf3 b5 25. Rh3 Rab8 26. a3 b4 27. axb4 cxb4
28. Rxa4 bxc3 29. bxc3 Rb1+ 30. Nf1 Rfb8 31. Ra2 Ne7 32. d4 Ng6 33. Ra8 Rxa8
34. Bxa8 d5 35. Qa2 Rb8 36. Rf3 Nh4 37. Rg3 Ng6 38. Rf3 1/2-1/2

[Event "4. Moscu Open 2008"]
[Site "Moscu RUS"]
[Date "2008.02.07"]
[Round "6.135"]
[White "Hudaberdin, Ravil"]
[Black "Alexeev, Alexey"]
[Result "0-1"]
[WhiteElo "2590"]
[BlackElo "2316"]
[PlyCount "56"]
[EventDate "2008.02.02"]
[EventType "swiss"]
[EventRounds "9"]
[EventCountry "RUS"]
[Source "lmi"]
[SourceDate "2008.02.02"]

1. d4 Nf6 2. c4 c5 3. d5 e6 4. Nc3 exd5 5. cxd5 d6 6. e4 g6 7. Bg5 Bg7 8. Bd3
h6 9. Bh4 a6 10. a4 O-O 11. Nge2 Nbd7 12. Bg3 Qc7 13. O-O Nh5 14. f4 Nxg3 15.
hxg3 c4 16. Bc2 Rb8 17. Rb1 b5 18. axb5 axb5 19. b4 cxb3 20. Rxb3 b4 21. Nb1
Nc5 22. Rbf3 Bg4 23. Kh2 Bxf3 24. Rxf3 b3 25. Bxb3 Nxe4 26. Bc2 Nf6 27. Nbc3
Ng4+ 28. Kh3 f5 0-1

[Event "4. Moscu Open 2008"]
[Site "Moscu RUS"]
[Date "2008.02.07"]
[Round "6.136"]
[White "Adlai, Semion"]
[Black "Kanaev, Sergey"]
[Result "1-0"]
[WhiteElo "2590"]
[BlackElo "2314"]
[PlyCount "37"]
[EventDate "2008.02.02"]
[EventType "swiss"]
[EventRounds "9"]
[EventCountry "RUS"]
[Source "lmi"]
[SourceDate "2008.02.02"]

1. e4 e5 2. Nf3 Nc6 3. Bc4 h6 4. d4 exd4 5. Nxd4 Nxd4 6. Qxd4 d6 7. Nc3 Ne7 8.
Bf4 Be6 9. O-O-O Bxc4 10. Qxc4 Nc6 11. e5 Be7 12. exd6 cxd6 13. Nd5 O-O 14.
Nxe7+ Nxe7 15. Bxd6 Rc8 16. Qb4 Re8 17. Rhe1 Ng6 18. Rxe8+ Qxe8 19. Qxb7 1-0

[Event "4. Moscu Open 2008"]
[Site "Moscu RUS"]
[Date "2008.02.07"]
[Round "6.137"]
[White "Pustov, Pavel"]
[Black "Kolmakov, Pavel"]
[Result "*"]
[WhiteElo "2413"]
[BlackElo "2241"]
[PlyCount "100"]
[EventDate "2008.02.02"]
[EventType "swiss"]
[EventRounds "9"]
[EventCountry "RUS"]
[Source "lmi"]
[SourceDate "2008.02.02"]

1. Nf3 Nf6 2. d4 e6 3. Bg5 d5 4. e3 Be7 5. Nbd2 h6 6. Bh4 O-O 7. Bd3 b6 8. Qe2
Bb7 9. O-O Nbd7 10. Ba6 Bxa6 11. Qxa6 c5 12. Qe2 Nh5 13. Bxe7 Qxe7 14. Ne5 Nhf6
15. c3 Nxe5 16. dxe5 Nd7 17. f4 f6 18. exf6 Rxf6 19. e4 Qf7 20. g3 Rf8 21. Rae1
e5 22. f5 d4 23. c4 b5 24. cxb5 Qxa2 25. Ra1 Qxb2 26. Rxa7 R6f7 27. Qd3 c4 28.
Nxc4 Qxb5 29. Ra5 Qb8 30. Nd2 Rc8 31. Nf3 Rc3 32. Qa6 Qc7 33. Qa8+ Kh7 34. Qd5
Re7 35. Ra8 Nf6 36. Qa2 Rc2 37. Qb3 Rc3 38. Qb8 Qxb8 39. Rxb8 Nxe4 40. Nh4 Rc6
41. Ra1 h5 42. Raa8 Kh6 43. Nf3 Ng5 44. Rh8+ Nh7 45. h4 g6 46. fxg6 Rxg6 47.
Rag8 d3 48. Kf2 e4 49. Nd4 e3+ 50. Kg2 Rf6 *

[Event "4. Moscu Open 2008"]
[Site "Moscu RUS"]
[Date "2008.02.07"]
[Round "6.138"]
[White "Viliavin, Roman"]
[Black "Eliseev, Alexei"]
[Result "0-1"]
[WhiteElo "2239"]
[BlackElo "2412"]
[PlyCount "58"]
[EventDate "2008.02.02"]
[EventType "swiss"]
[EventRounds "9"]
[EventCountry "RUS"]
[Source "lmi"]
[SourceDate "2008.02.02"]

1. e4 d6 2. d4 g6 3. Nc3 Bg7 4. f4 c6 5. Nf3 Bg4 6. Bc4 Bxf3 7. gxf3 e6 8. Ne2
d5 9. Bb3 Qh4+ 10. Ng3 Nf6 11. Be3 dxe4 12. fxe4 Nxe4 13. Qf3 Nf6 14. O-O-O
Nbd7 15. Kb1 O-O-O 16. c4 Nb6 17. a4 Ng4 18. Bg1 f5 19. a5 Nd7 20. h3 Nh6 21.
a6 Nb6 22. d5 bxa6 23. d6 Kd7 24. Bxb6 axb6 25. Rhe1 Qf6 26. Rd2 Rhe8 27. Ba4
Rc8 28. Rd3 Qd8 29. Ne2 Nf7 0-1

[Event "4. Moscu Open 2008"]
[Site "Moscu RUS"]
[Date "2008.02.07"]
[Round "6.139"]
[White "Gorovykh, Eduard"]
[Black "Pichugin, Andrei"]
[Result "1/2-1/2"]
[WhiteElo "2402"]
[BlackElo "2176"]
[PlyCount "46"]
[EventDate "2008.02.02"]
[EventType "swiss"]
[EventRounds "9"]
[EventCountry "RUS"]
[Source "lmi"]
[SourceDate "2008.02.02"]

1. e4 c5 2. Ne2 Nc6 3. d4 cxd4 4. Nxd4 e5 5. Nb5 d6 6. N1c3 a6 7. Na3 Be7 8.
Nd5 Nf6 9. Nxf6+ Bxf6 10. Nc4 Be7 11. Be3 b5 12. Nb6 Rb8 13. Nd5 O-O 14. Bd3
Bg5 15. O-O Be6 16. Qd2 h6 17. a4 Bxd5 18. exd5 Bxe3 19. fxe3 Ne7 20. axb5 axb5
21. e4 Ng6 22. g3 Qb6+ 23. Kg2 Ra8 1/2-1/2

[Event "4. Moscu Open 2008"]
[Site "Moscu RUS"]
[Date "2008.02.08"]
[Round "7.1"]
[White "Riazantsev, Alexander"]
[Black "Inarkiev, Ernesto"]
[Result "0-1"]
[WhiteElo "2628"]
[BlackElo "2681"]
[PlyCount "148"]
[EventDate "2008.02.02"]
[EventType "swiss"]
[EventRounds "9"]
[EventCountry "RUS"]
[Source "lmi"]
[SourceDate "2008.02.02"]

1. d4 Nf6 2. c4 g6 3. Nf3 Bg7 4. g3 O-O 5. Bg2 d6 6. O-O Nc6 7. Nc3 Rb8 8. Re1
a6 9. Rb1 e5 10. d5 Ne7 11. e4 c6 12. a4 b5 13. axb5 axb5 14. dxc6 bxc4 15. Qa4
Qc7 16. Qxc4 Be6 17. Qd3 Nxc6 18. Bg5 Nb4 19. Qd2 Rfd8 20. Rec1 Qb7 21. Ne1 Na2
22. Nxa2 Bxa2 23. Ra1 Be6 24. Nd3 Re8 25. Re1 Nd7 26. Bh6 Nb6 27. Bxg7 Kxg7 28.
Qb4 Nc4 29. Qxb7 Rxb7 30. b4 Nd2 31. Ra6 Rd7 32. Ra3 Nb3 33. Bh3 Bxh3 34. Rxb3
Rb7 35. f3 Bd7 36. Kf2 Ra8 37. Ke3 Kf8 38. Rc3 Ke7 39. Rec1 Raa7 40. R1c2 f6
41. Rc1 Ke6 42. R1c2 Bb5 43. Nc1 Ra4 44. Rb2 h5 45. Rbb3 Bf1 46. Kf2 Ba6 47.
Rc6 Kd7 48. Rc2 Raxb4 49. Rxb4 Rxb4 50. Na2 Rb3 51. Nc1 Rb1 52. h4 Ke6 53. Ne2
Bd3 54. Rd2 Bxe2 55. Rxe2 g5 56. hxg5 fxg5 57. Ra2 g4 58. fxg4 hxg4 59. Rc2 Rb4
60. Re2 Kd7 61. Ke3 Rb3+ 62. Kf2 Rf3+ 63. Kg2 Rc3 64. Ra2 Rc4 65. Re2 Kc6 66.
Kf2 Kc5 67. Ke3 Rc3+ 68. Kf2 Rf3+ 69. Kg2 Kd4 70. Rd2+ Rd3 71. Re2 Kc3 72. Re1
Kd2 73. Ra1 Ke2 74. Rb1 Rd4 0-1

[Event "4. Moscu Open 2008"]
[Site "Moscu RUS"]
[Date "2008.02.08"]
[Round "7.4"]
[White "Lastin, Alexander"]
[Black "Jobava, Baadur"]
[Result "1/2-1/2"]
[WhiteElo "2604"]
[BlackElo "2643"]
[PlyCount "50"]
[EventDate "2008.02.02"]
[EventType "swiss"]
[EventRounds "9"]
[EventCountry "RUS"]
[Source "lmi"]
[SourceDate "2008.02.02"]

1. e4 c6 2. d4 d5 3. e5 Bf5 4. Nf3 e6 5. Be2 Nd7 6. O-O Ne7 7. c3 h6 8. Nbd2
Bh7 9. Nb3 Ng6 10. Ne1 c5 11. Be3 c4 12. Nd2 b5 13. a3 Nb6 14. f4 Ne7 15. Ndf3
Nc6 16. g4 h5 17. Ng5 hxg4 18. Bxg4 Bf5 19. Bxf5 exf5 20. Rf2 Qd7 21. Rg2 Nd8
22. Qc2 a5 23. Nef3 Rh6 24. Re1 Be7 25. Bf2 Nc8 1/2-1/2

[Event "4. Moscu Open 2008"]
[Site "Moscu RUS"]
[Date "2008.02.08"]
[Round "7.5"]
[White "Zvjaginsev, Vadim"]
[Black "Popov, Ivan"]
[Result "0-1"]
[WhiteElo "2677"]
[BlackElo "2590"]
[PlyCount "58"]
[EventDate "2008.02.02"]
[EventType "swiss"]
[EventRounds "9"]
[EventCountry "RUS"]
[Source "lmi"]
[SourceDate "2008.02.02"]

1. e4 c5 2. Nf3 e6 3. g3 d5 4. d3 Nf6 5. Qe2 Be7 6. Bg2 Nc6 7. O-O O-O 8. e5
Nd7 9. c4 a6 10. a4 d4 11. h4 Qc7 12. Bf4 Rb8 13. Re1 b5 14. axb5 axb5 15. Na3
bxc4 16. dxc4 Ba6 17. Nb5 Qb6 18. Ng5 Na5 19. Nd6 Bxd6 20. exd6 Bxc4 21. Qc2 g6
22. Qa4 e5 23. Bxe5 Nxe5 24. Rxe5 f6 25. Bd5+ Bxd5 26. Rxd5 fxg5 27. Qxa5 Qxb2
28. Rf1 gxh4 29. d7 hxg3 0-1